000 00719nam a2200277Ia 4500
005 20260320195823.0
008 008 262003s9999 xx 000 0 hin d
020 _a9789389598896
037 _aEBOOK
040 _aCRL
040 _bhin
040 _cCRL
041 _2hin
041 _ahin
084 _qCRL
100 _aशमीम हनफी, अनु. शुभम मिश्र
_91133212
245 0 _aआधुनिक उर्दू कहानी का सफ़र
250 _a1st
260 _bRajkamal
260 _c2021
300 _a219
856 _uhttps://ebook.indiaread.in/pdfs/9789389598896.pdf
942 _cEBOOK
999 _c1716686
_d1716686